Hotel front office : a training manual
Guardat en:
| Autor principal: | |
|---|---|
| Format: | Llibre |
| Idioma: | anglès |
| Publicat: |
McGraw-Hill Education
2013
|
| Etiquetes: |
Afegir etiqueta
Sense etiquetes, Sigues el primer a etiquetar aquest registre!
|
MARC
| LEADER | 00000nam a22000007a 4500 | ||
|---|---|---|---|
| 008 | 201210b ||||| |||| 00| 0 eng d | ||
| 020 | |a 978-1-25-900497-1 | ||
| 100 | |a ANDREWS, Sudhir | ||
| 245 | |a Hotel front office |b : a training manual |c Sudhir Andrews |g xxxv, 374p.; ill. | ||
| 250 | |b 3rd ed. | ||
| 260 | |b McGraw-Hill Education |c 2013 |h Nadu, India |i 690849 |l TX907 .An2 |m Hospital industry – Study and teaching | ||
| 942 | |a lcc |c BK |e Kuteyi M. A. |f 10/12/2020 | ||
| 952 | |0 0 |1 0 |2 lcc |4 0 |6 TX0907 A N2 |7 0 |9 343 |a HOL |b HOL |c QZ |d 2020-12-10 |l 0 |o TX907 .An2 |p 2020-2077 |r 2020-12-10 00:00:00 |w 2020-12-10 |y BK | ||
| 999 | |c 161 |d 161 | ||